| 000 | 00904cam a2200277 a 4500 | ||
|---|---|---|---|
| 001 | 16600889 | ||
| 005 | 20150114130251.0 | ||
| 008 | 110106t2012 xxuae frb 001 0 eng d | ||
| 010 | _a2010052870 | ||
| 020 | _a9781604266061 (alk. paper) | ||
| 040 |
_aDLC _cDLC _dYDX _dYDXCP _dFYQ _dCDX _dRIU _dBWX _dDLC _dEG-ScBUE |
||
| 043 | _an-us--- | ||
| 082 | 0 | 0 |
_a303.380973 _222 _bASH |
| 100 | 1 |
_aAsher, Herbert B. _937163 |
|
| 245 | 1 | 0 |
_aPolling and the public : _bwhat every citizen should know / _cHerbert Asher. |
| 250 | _a8th ed. | ||
| 260 |
_aWashington : _bCQ Press, _cc.2012. |
||
| 300 |
_axiii, 298 p. : _bplans, tables ; _c23 cm. |
||
| 500 | _aIndex : p. 279-298. | ||
| 504 | _aBibliography : p. 257-277. | ||
| 650 | 0 |
_aPublic opinion polls _937164 |
|
| 650 | 0 |
_aPublic opinion _zUnited States _99681 |
|
| 653 |
_bCOMAME _cJanuary2015 |
||
| 655 |
_vreading book _934232 |
||
| 942 |
_2ddc _k303.380973 ASH |
||
| 999 |
_c18875 _d18847 |
||